000 00404cam a22001457a 4500
008 180718b1962 xxu||||| |||| 00| 0 eng d
082 _aB123x51 C362
100 _aChang, Chung-li
245 _aIncome of the Chinese gentry
_cby Chung-li Chang
260 _aSettle
_bUniv. of Washington Press
_c1962
300 _a369p.
500 _a$7.75
650 _aIncome - China
650 _aMiddle Classes - China
999 _c362172
_d362172